| 000 | 00702nam a2200241 a 4500 | ||
|---|---|---|---|
| 001 | 434 | ||
| 003 | BR-CuiBMT | ||
| 005 | 20231106204808.0 | ||
| 008 | 231106s2009 spb 000 0 por d | ||
| 020 | _a9788502075962 | ||
| 040 |
_aBR-CuiBMT _cBR-CuiBMT |
||
| 080 |
_22007 _a34:336.2 |
||
| 090 |
_a34:336.2 _bB273c |
||
| 100 | 1 |
_aBarreto, Aires F. _qBarreto, Aires Fernandino |
|
| 245 |
_aCurso de direito tributário municipal / _cAires F. Barreto. |
||
| 260 |
_aSão Paulo : _bSaraiva, _c2009. |
||
| 300 |
_a607 p.: _c22 cm |
||
| 504 | _aInclui bibliografia. | ||
| 650 | _aDireito tributário | ||
| 650 | _aDireito tributário municipal | ||
| 650 | _aAdministração tributária | ||
| 942 |
_2udc _cLV |
||
| 999 |
_c434 _d434 |
||